000 00322nam a2200157Ia 4500
100 _aRao/P.N
650 _aMANUFACTURING
942 _cBK
366 _f20
245 _aManufacturing technology vol.1
260 _bMcGraw - Hill
_c2009
082 _a670/RAO
_bRAO
300 _a502
546 _aENGLISH
999 _c29430
_d29430